• 首页
  • 本馆介绍
  • 公告通知
  • 最新文献
  • 馆藏检索
  • 电子资源
  • 读者导购
  • 参考咨询
  • 我的图书馆
  • 登录
  • 详细信息显示
  • 放入我的书架
  • 预约/预借图书
  • 作者相关作品
  • 分类相关作品
  • 丛书相关作品
  • 出版社相关作品

书目信息

  • 表格格式
  • 工作单格式
  • 卡片格式
题名:
国际金融组织贷款城建环保项目绩效评价典型案例汇编
    
 
作者: ;财政部 编
分册:  
出版信息: 北京   中国农业出版社  2011
页数: 393页
开本: 26cm
丛书名:
单 册:
中图分类: F832.6 , F831.6
科图分类:
主题词: 国际性金融组织--国际信贷--城市建设--贷款--项目评价--案例--中国--汇编 , 国际性金融组织--国际信贷--环境保护--贷款--项目评价--案例--中国--汇编 , 国际性金融组织 , 国际信贷 , 城市建设 , 贷款 , 项目评价 , 案例 , 环境保护
电子资源:
ISBN: 978-7-109-16512-0
000 01570nam0 22003491 450
001 524
005 20140909165219.34
010    @a978-7-109-16512-0@dCNY58.00
100    @a20120502d2011 em y0chiy50 ea
101 0  @achi
102    @aCN@b110000
105    @aa z 000yy
106    @ar
200 1  @a国际金融组织贷款城建环保项目绩效评价典型案例汇编@AGuo Ji Jin Rong Zu Zhi Dai Kuan Cheng Jian Huan Bao Xiang Mu Ji Xiao Ping Jia Dian Xing An Li Hui Bian@dPerformance evaluation casebook for construction and environmental protection loan projects of international financial istitutions[i.e.institutions]@f财政部国际司编@FCai Zheng Bu Guo Ji Si Bian@zeng
210    @a北京@c中国农业出版社@d2011
215    @a393页@c照片@d26cm
330    @a本书内容包括:世界银行贷款宁波水环境治理项目绩效评估报告、亚洲开发银行贷款苏州河环境综合整治一期工程贷款完工项目绩效评价报告、世界银行贷款辽河流域项目绩效评价报告等。
510 1  @aPerformance evaluation casebook for construction and environmental protection loan projects of international financial istitutions@zeng
606 0  @a国际性金融组织@x国际信贷@x城市建设@x贷款@x项目评价@x案例@y中国@j汇编
606 0  @a国际性金融组织@x国际信贷@x环境保护@x贷款@x项目评价@x案例@y中国@j汇编
606 0  @a国际性金融组织
606 0  @a国际信贷
606 0  @a城市建设
606 0  @a贷款
606 0  @a项目评价
606 0  @a案例
606 0  @a环境保护
690    @aF832.6@v5
690    @aF831.6@v5
711 02 @a财政部@ACai Zheng Bu@b国际司@4编
801  0 @aCN@bTANGWEI@c20140603
905    @b0837525-27@dF832.6@e120@f3
    
    国际金融组织贷款城建环保项目绩效评价典型案例汇编=Performance evaluation casebook for construction and environmental protection loan projects of international financial istitutions[i.e.institutions]/财政部国际司编.-北京:中国农业出版社,2011
    393页:照片;26cm
    
    
    ISBN 978-7-109-16512-0:CNY58.00
    本书内容包括:世界银行贷款宁波水环境治理项目绩效评估报告、亚洲开发银行贷款苏州河环境综合整治一期工程贷款完工项目绩效评价报告、世界银行贷款辽河流域项目绩效评价报告等。
●
相关链接 在E读中查询图书 在五车中查询图书 在当当中查询图书 在豆瓣中查询图书


正题名:国际金融组织贷款城建环保项目绩效评价典型案例汇编     索取号:F832.6/120         预约/预借

序号 登录号 条形码 馆藏地/架位号 状态 备注
1 0837525   208375257   第一样本阅览室/ [索取号:F832.6/120] 在馆    
2 0837526   208375266   密集书库-海洋学院/ [索取号:F832.6/120] 在馆    
3 0837527   208375275   第一借阅区/ [索取号:F832.6/120] 在馆    
唐山师范学院图书馆 欢迎您!
大连网信软件有限公司© 版权所有